[Event "Gatineau Defi Nez-B"]
[Site "Gatineau"]
[Date "2009.12.15"]
[Round "5"]
[White "Scantland, Patrick"]
[Black "Beriault, Silvain"]
[Result "0-1"]
[WhiteElo "1768"]
[BlackElo "1632"]
[PlyCount "134"]
[EventDate "2009.11.17"]
[EventType "swiss"]
[EventRounds "5"]
[EventCountry "CAN"]
[SourceTitle "EXT 2011"]
[Source "ChessBase"]
[SourceDate "2010.11.26"]
[SourceVersion "1"]
[SourceVersionDate "2010.11.26"]
[SourceQuality "1"]

1. d4 Nf6 2. c4 e6 3. Nc3 d5 4. cxd5 exd5 5. Bg5 Be7 6. Qc2 Nbd7 7. e3 c6 8. Bd3 h6 9. Bh4 0-0 10. Nge2 Re8 11. 0-0 Ne4 12. Bxe7 Qxe7 13. Bxe4 dxe4 14. a3 f5 15. Nf4 Nf6 16. b4 Be6 17. Rfd1 Qf7 18. Rab1 g5 19. Nfe2 Bc4 20. Rb2 Bxe2 21. Qxe2 Nd5 22. Rc1 Rec8 23. Rbc2 Nxc3 24. Rxc3 a6 25. Rc5 Kg7 26. Qb2 Qf6 27. Qc3 Rd8 28. a4 Rd6 29. b5 axb5 30. axb5 cxb5 31. Rxb5 Rc6 32. Rxb7+ Kg8 33. Qb3+ Kh8 34. Rb1 Rac8 35. Rb8 Qd8 36. g3 Rxb8 37. Qxb8 Rc1+ 38. Kg2 Qxb8 39. Rxb8+ Kg7 40. Rb6 g4 41. Rb2 h5 42. Rd2 Rc7 43. Kf1 Rc1+ 44. Kg2 Rb1 45. h3 Rb6 46. h4 Kf7 47. Kf1 Kf6 48. Ke2 Rb7 49. Rc2 Kg6 50. Kd2 Ra7 51. Kc3 Rc7+ 52. Kb3 Rb7+ 53. Ka4 Kf6 54. Rc6+ Kg7 55. Ka3 Rb1 56. d5 Rd1 57. d6 Kf7 58. Kb4 Ke6 59. Kc5 Rd5+ 60. Kb6 Kd7 61. Rc5 Kxd6 62. Rxd5+ Kxd5 63. Kc7 Kc4 64. Kd6 Kd3 65. Ke5 Ke2 66. Kxf5 Kxf2 67. Kxe4 Kxg3 0-1

[Event "Gatineau Maisonneuve Memorial"]
[Site "Gatineau"]
[Date "2009.10.13"]
[Round "1"]
[White "Brine, Derek"]
[Black "Beriault, Silvain"]
[Result "1/2-1/2"]
[WhiteElo "1090"]
[BlackElo "1703"]
[PlyCount "93"]
[EventDate "2009.10.13"]
[EventType "swiss"]
[EventRounds "5"]
[EventCountry "CAN"]
[SourceTitle "EXT 2011"]
[Source "ChessBase"]
[SourceDate "2010.11.26"]
[SourceVersion "1"]
[SourceVersionDate "2010.11.26"]
[SourceQuality "1"]

1. e4 d6 2. Nf3 Nf6 3. Nc3 g6 4. d4 Bg7 5. Be3 0-0 6. Bc4 c6 7. a3 Nbd7 8. Qd2 e5 9. dxe5 Nxe5 10. Nxe5 dxe5 11. 0-0-0 Qe7 12. Bg5 Qc5 13. Ba2 a5 14. f4 exf4 15. Bxf4 Re8 16. Rde1 b5 17. e5 Nh5 18. Ne4 Qe7 19. Nd6 Be6 20. Nxe8 Rxe8 21. Bg5 Qc7 22. Bxe6 Rxe6 23. Qd8+ Qxd8 24. Bxd8 a4 25. Bc7 Nf4 26. g3 Nd5 27. Bb8 Nb6 28. Rd1 Bxe5 29. Bxe5 Rxe5 30. Rhe1 Rh5 31. Re2 Nd5 32. Rde1 Kg7 33. h4 Rf5 34. Re5 Rf3 35. g4 Rh3 36. h5 Nf6 37. hxg6 Nxg4 38. Rg5 h5 39. gxf7+ Kxf7 40. Rf1+ Ke6 41. Rg6+ Kd5 42. Rd1+ Kc5 43. Rdd6 Rh1+ 44. Rd1 Rh2 45. Rd2 Rh1+ 46. Rd1 Rh2 47. Rd2 1/2-1/2

[Event "Gatineau Fischer Memorial"]
[Site "Gatineau"]
[Date "2009.02.10"]
[Round "4"]
[White "Beriault, Silvain"]
[Black "Groleau, Gilles"]
[Result "1/2-1/2"]
[WhiteElo "1688"]
[BlackElo "1959"]
[PlyCount "92"]
[EventDate "2009.01.20"]
[EventType "swiss"]
[EventRounds "6"]
[EventCountry "CAN"]
[SourceTitle "EXT 2011"]
[Source "ChessBase"]
[SourceDate "2010.11.26"]
[SourceVersion "1"]
[SourceVersionDate "2010.11.26"]
[SourceQuality "1"]

1. d4 Nf6 2. c4 e6 3. Nf3 b6 4. g3 Bb7 5. Bg2 Be7 6. 0-0 0-0 7. Nc3 Ne4 8. Qc2 Nxc3 9. Qxc3 f5 10. Bf4 Bf6 11. Be5 d6 12. Bxf6 Qxf6 13. Nd2 Bxg2 14. Kxg2 c5 15. e3 Nc6 16. Nf3 Rac8 17. a3 cxd4 18. exd4 Na5 19. b3 Rc7 20. Rfe1 f4 21. Re4 fxg3 22. fxg3 d5 23. Rf4 Qe7 24. Rxf8+ Qxf8 25. c5 Nc6 26. cxb6 axb6 27. Rf1 Qd8 28. Qe3 Qe8 29. Qf4 Rf7 30. Qd6 Qd7 31. Qxd7 Rxd7 32. Rc1 Ne7 33. Ng5 h6 34. Nxe6 Kf7 35. Nf4 Nf5 36. Rc6 b5 37. Rc5 Nxd4 38. Rxd5 Rxd5 39. Nxd5 Nxb3 40. Kf2 Nd4 41. Nc3 Ke6 42. g4 Ke5 43. Kg3 g5 44. h4 gxh4+ 45. Kxh4 Kf4 46. Kh5 Kf3 1/2-1/2

[Event "Gatineau Defi Nez rouge B"]
[Site "Gatineau"]
[Date "2008.12.09"]
[Round "3"]
[White "Sabourin, Yves"]
[Black "Beriault, Silvain"]
[Result "0-1"]
[WhiteElo "1299"]
[BlackElo "1671"]
[PlyCount "94"]
[EventDate "2008.11.25"]
[EventType "swiss"]
[EventRounds "5"]
[EventCountry "CAN"]
[SourceTitle "EXT 2022"]
[Source "ChessBase"]
[SourceDate "2021.10.06"]
[SourceVersion "1"]
[SourceVersionDate "2021.10.06"]
[SourceQuality "1"]

1. d4 Nf6 2. c4 e6 3. Nc3 d5 4. Bg5 Be7 5. Nf3 Nbd7 6. e3 0-0 7. Bd3 c6 8. 0-0 h6 9. Bh4 dxc4 10. Bxc4 Nd5 11. Bxe7 Qxe7 12. a3 Nxc3 13. bxc3 e5 14. Re1 exd4 15. exd4 Qd6 16. Qb3 Qf6 17. Ne5 Nxe5 18. Rxe5 b5 19. Bd3 Bd7 20. Rae1 Rfe8 21. Rxe8+ Rxe8 22. Rxe8+ Bxe8 23. Qc2 Qe7 24. Qe2 Qxe2 25. Bxe2 Kf8 26. Kf1 Ke7 27. Ke1 Kd6 28. Bf3 f6 29. Kd2 Bf7 30. g3 c5 31. Ke3 a5 32. Be2 Kc6 33. Bf3+ Bd5 34. Bxd5+ Kxd5 35. dxc5 Kxc5 36. Kd3 Kd5 37. f4 f5 38. Kc2 Kc4 39. h3 h5 40. a4 bxa4 41. Kb2 g6 42. h4 a3+ 43. Kxa3 Kxc3 44. Ka4 Kd3 45. Kxa5 Ke3 46. Kb6 Kf3 47. Kc6 Kxg3 0-1

[Event "Gatineau Maisonneuve Memorial"]
[Site "Gatineau"]
[Date "2008.11.04"]
[Round "3"]
[White "Beriault, Silvain"]
[Black "Pilon, Robert"]
[Result "1-0"]
[WhiteElo "1650"]
[BlackElo "1469"]
[PlyCount "131"]
[EventDate "2008.10.21"]
[EventType "swiss"]
[EventRounds "5"]
[EventCountry "CAN"]
[SourceTitle "EXT 2011"]
[Source "ChessBase"]
[SourceDate "2010.11.26"]
[SourceVersion "1"]
[SourceVersionDate "2010.11.26"]
[SourceQuality "1"]

1. d4 Nf6 2. c4 e5 3. dxe5 Ne4 4. Nf3 Nc6 5. Qc2 d5 6. exd6 Bf5 7. e3 Ng3 8. Bd3 Bxd3 9. Qxd3 Nxh1 10. Qe4+ Be7 11. dxe7 Nxe7 12. b3 Qd1+ 13. Kxd1 Nxf2+ 14. Ke2 Nxe4 15. Bb2 0-0 16. Nc3 Nxc3+ 17. Bxc3 c5 18. Rf1 Rad8 19. Ng5 b6 20. h4 Rd7 21. h5 h6 22. Ne4 Rfd8 23. Rf3 f5 24. Ng3 Rd3 25. Bd4 cxd4 26. Kxd3 dxe3+ 27. Kxe3 Re8 28. Kd2 Rf8 29. Rd3 Rf7 30. Rd7 f4 31. Ne2 f3 32. gxf3 Nf5 33. Rxf7 Kxf7 34. Kd3 g6 35. Ke4 Kf6 36. hxg6 Kxg6 37. Nf4+ Kf6 38. Nd5+ Kg6 39. Ke5 h5 40. Nf4+ Kg5 41. Nxh5 Nh4 42. Ng7 Nxf3+ 43. Kd5 Ne1 44. Ne6+ Kf5 45. Nd4+ Kf6 46. Nb5 Nd3 47. a3 Nc5 48. b4 Na4 49. Nxa7 Ke7 50. Kc6 Kd8 51. Kb5 Nb2 52. Nc6+ Kc7 53. Ne7 Nd3 54. Nd5+ Kb7 55. Nxb6 Ne5 56. Nd5 Nc6 57. c5 Na7+ 58. Kc4 Kc6 59. a4 Nc8 60. b5+ Kb7 61. c6+ Ka7 62. Kc5 Kb8 63. b6 Nxb6 64. Kxb6 Kc8 65. Ne7+ Kd8 66. c7+ 1-0